Controversia educativa entre la ideología y la fe : (Record no. 11724)

MARC details
000 -CABECERA
campo de control de longitud fija 00735nam a2200205 a 4500
005 - FECHA Y HORA DE LA ÚLTIMA TRANSACCIÓN
campo de control 20250220063754.0
008 - ELEMENTOS DE LONGITUD FIJA--INFORMACIÓN GENERAL
campo de control de longitud fija 991125s1991 mx 000 0 spa u
020 ## - NÚMERO INTERNACIONAL NORMALIZADO PARA LIBROS
Número Internacional Estándar del Libro 968292832X
035 ## - NÚMERO DE CONTROL DEL SISTEMA
Número de control de sistema UPN01000011724
049 ## - COLECCIÓN
Colección CG
050 #4 - SIGNATURA TOPOGRÁFICA DE LA BIBLIOTECA DEL CONGRESO
Número de clasificación LA429 A4
Número de documento/Ítem C23
100 1# - ASIENTO PRINCIPAL--NOMBRE PERSONAL
Nombre de persona Camacho Sandoval, Salvador,
Fechas asociadas al nombre 1959-
9 (RLIN) 28628
245 10 - MENCIÓN DE TÍTULO
Título Controversia educativa entre la ideología y la fe :
Resto del título la educación socialista en la historia de Aguscalientes, 1876-1940 /
Mención de responsabilidad, etc. Salvador Camacho Sandoval.
260 ## - PUBLICACIÓN, DISTRIBUCIÓN, ETC.
Lugar de publicación, distribución, etc. México :
Nombre del editor, distribuidor, etc. CNCA, Dirección General de Publicaciones,
Fecha de publicación, distribución, etc. 1991.
300 ## - DESCRIPCIÓN FÍSICA
Extensión 291 p. :
Otras características físicas il.
440 #0 - MENCIÓN DE SERIE/ASIENTO SECUNDARIO--TÍTULO
Título Regiones
650 #4 - ASIENTO SECUNDARIO DE MATERIA - TERMINO TEMATICO
Término de materia o nombre geográfico como elemento de entrada Educación
Subdivisión geográfica Aguascalientes
Subdivisión general Historia
9 (RLIN) 692
650 #4 - ASIENTO SECUNDARIO DE MATERIA - TERMINO TEMATICO
Término de materia o nombre geográfico como elemento de entrada Educación comunista
Subdivisión geográfica México
9 (RLIN) 15318
905 ## - TIPO DE MATERIAL
Tipo de material Libro
Holdings
Estado de retiro Estado de pérdida Fuente del sistema de clasificación o colocación Estado dañado No para préstamo Código de colección Localización permanente Ubicación/localización actual Ubicación en estantería Total de préstamos Clasificación Código de barras Fecha visto por última vez Número de copia Tipo de ítem Koha
    Library of Congress Classification     Colección General Bib. Gregorio Torres Quintero Bib. Gregorio Torres Quintero Planta baja 8 LA429 A4 C23 155453 31/12/2020 1 Libro
    Library of Congress Classification     Colección General Bib. Gregorio Torres Quintero Bib. Gregorio Torres Quintero Planta baja 9 LA429 A4 C23 155452 31/12/2020 1 Libro